Jurisdiccin̤ de familia XX aǫs

Detalles Bibliográficos
Formato: eBook
Lenguaje:español
Publicado: Madrid: Dykinson, 2013
Materias:
Acceso en línea:Acceso restringido

MARC

LEADER 00000nam a22000007a 4500
005 20140715235230.0
007 cr|||| ||||
008 140715s2013 es |||||s|||| 00||0 spa d
020 |a 978-84-9031-495-1 
035 |a 12301 
040 |a vLex 
090 |c 5080  |d 5080 
245 0 0 |a Jurisdiccin̤ de familia XX aǫs  |h [Recurso electrn̤ico] / 
256 |a Servicio en ln̕ea 
260 |a Madrid:  |b Dykinson,  |c 2013 
300 |a 1 recurso electrn̤ico 
500 |a Los pasados da̕s 8 y 9 de marzo de 2013 han tenido lugar en Madrid las jornadas centrales de la AEAFA bajo el tt̕ulo de XX AÑOS POR LA JURISDICCION DE FAMILIA con una masiva participacin̤ en estas jornadas, que no hacen sino reforzar la motivacin̤ por continuar avanzando en el empeǫ de trabajar por la formacin̤ como abogados especialistas de familia, requisito indispensable para poder exigir de los diversos estamentos de los poderes pb︢licos la especializacin̤ de los Juzgados de Familia y el reconocimiento de una jurisdiccin̤ de familia especial y distinta del orden civil. La presente obra recoge las ponencias y trabajos desarrollados en las citadas Jornadas. 
506 1 |a Disponible solo en los productos indicados  |d vLex Global  |d vLex Global (Academic Edition, excluding Law Schools)  |d vLex Global (U.S. Academic Edition, Law Schools)  |d vLex Global (U.S. Academic Edition, excluding Law Schools)  |d vLex Global (Academic Edition, Law Schools) 
650 0 4 |a Derecho Civil  |z Espaą 
650 0 4 |a Familia y Sucesiones  |z Espaą 
740 0 |a vLex Libros (Servicio en ln̕ea) 
856 4 0 |u http://vlex.com/source/jurisdiccion-de-familia-xx-a-os-12301  |z Acceso restringido 
942 |c BOOK 
999 0 |a Civil Law 
999 0 |a Family and Inheritance